[Event "CZE-chT2B 2223"]
[Site "Czech Republic"]
[Date "2022.11.20"]
[Round "3.6"]
[White "Stanek, Ondrej1111"]
[Black "Srba, Stanislav"]
[Result "1/2-1/2"]
[WhiteElo "2057"]
[BlackElo "1938"]
[PlyCount "38"]
[EventDate "2022.10.16"]
[EventType "team-tourn"]
[EventRounds "11"]
[EventCountry "CZE"]
[SourceTitle "EXT 2024"]
[Source "ChessBase"]
[SourceDate "2023.10.10"]
[SourceVersion "1"]
[SourceVersionDate "2023.10.10"]
[SourceQuality "1"]
[WhiteTeam "Bohemians"]
[BlackTeam "Karlovy Vary"]
[WhiteTeamCountry "CZE"]
[BlackTeamCountry "CZE"]

1. b3 e6 2. Bb2 Nf6 3. e3 b6 4. Nf3 Bb7 5. Be2 Be7 6. 0-0 0-0 7. c4 d5 8. Ne5 Nbd7 9. Bf3 Nxe5 10. Bxe5 Bd6 11. Bb2 Qe7 12. Nc3 c6 13. cxd5 Nxd5 14. Rc1 Ba6 15. Be2 Bxe2 16. Qxe2 Ba3 17. Bxa3 Qxa3 18. d4 Rac8 19. Nb1 Qe7 1/2-1/2

[Event "Klatovy op-A 23rd"]
[Site "Klatovy"]
[Date "2017.07.02"]
[Round "2"]
[White "Srba, Stanislav"]
[Black "Zeman, Matyas"]
[Result "1/2-1/2"]
[WhiteElo "1924"]
[BlackElo "2166"]
[PlyCount "41"]
[EventDate "2017.07.01"]
[EventType "swiss"]
[EventRounds "9"]
[EventCountry "CZE"]
[SourceTitle "EXT 2018"]
[Source "ChessBase"]
[SourceDate "2017.10.13"]
[SourceVersion "1"]
[SourceVersionDate "2017.10.13"]
[SourceQuality "1"]

1. d4 d5 2. c4 e6 3. Nf3 Nf6 4. Bg5 c6 5. Nc3 dxc4 6. a4 Bb4 7. e4 b5 8. e5 h6 9. exf6 hxg5 10. fxg7 Rg8 11. Be2 Rxg7 12. Ne5 Bb7 13. Bf3 f6 14. Bh5+ Kf8 15. Ng6+ Kg8 16. Qe2 Qd6 17. h4 Nd7 18. hxg5 fxg5 19. 0-0 Bxc3 20. bxc3 Nf8 21. Ne5 1/2-1/2

[Event "CZE-ch U14"]
[Site "Kouty nad Desnou"]
[Date "2015.03.14"]
[Round "9"]
[White "Srba, Stanislav"]
[Black "Vraj, Karel"]
[Result "1/2-1/2"]
[WhiteElo "1626"]
[BlackElo "1680"]
[PlyCount "69"]
[EventDate "2015.03.07"]
[EventType "swiss"]
[EventRounds "9"]
[EventCountry "CZE"]
[SourceTitle "EXT 2017"]
[Source "ChessBase"]
[SourceDate "2016.10.25"]
[SourceVersion "1"]
[SourceVersionDate "2016.10.25"]
[SourceQuality "1"]

1. d4 d5 2. c4 e6 3. Nf3 Nf6 4. Bg5 Be7 5. Nc3 0-0 6. e3 b6 7. Rc1 Nbd7 8. Be2 Bb7 9. 0-0 Rc8 10. Qa4 c5 11. cxd5 exd5 12. dxc5 Nxc5 13. Qd1 h6 14. Bh4 Nfe4 15. Bxe7 Qxe7 16. Nxd5 Bxd5 17. Qxd5 Rfd8 18. Qe5 Qxe5 19. Nxe5 Rd2 20. Bg4 Re8 21. Nc4 Rxf2 22. Rxf2 Nxf2 23. Be2 Nfe4 24. Rd1 b5 25. Nd6 Nxd6 26. Rxd6 Rxe3 27. Bxb5 Re1+ 28. Bf1 Ra1 29. a3 Ne4 30. Rd8+ Kh7 31. g3 Rb1 32. b4 f5 33. Rd5 Kg6 34. Kg2 Rb2+ 35. Kg1 1/2-1/2

[Event "CZE-ch U14"]
[Site "Kouty nad Desnou"]
[Date "2015.03.12"]
[Round "7"]
[White "Srba, Stanislav"]
[Black "Jurasek, Vojtech"]
[Result "0-1"]
[WhiteElo "1626"]
[BlackElo "1615"]
[PlyCount "44"]
[EventDate "2015.03.07"]
[EventType "swiss"]
[EventRounds "9"]
[EventCountry "CZE"]
[SourceTitle "EXT 2017"]
[Source "ChessBase"]
[SourceDate "2016.10.25"]
[SourceVersion "1"]
[SourceVersionDate "2016.10.25"]
[SourceQuality "1"]

1. d4 Nf6 2. c4 c5 3. e3 g6 4. Nc3 e6 5. Nf3 a6 6. Be2 Bg7 7. 0-0 0-0 8. Qc2 cxd4 9. exd4 d5 10. b3 b6 11. Ba3 Re8 12. Rfd1 Bb7 13. Rac1 dxc4 14. bxc4 Nbd7 15. Rb1 Rc8 16. Ne5 Qc7 17. Nxd7 Nxd7 18. Ne4 Bf8 19. Bxf8 Kxf8 20. Bf3 Bxe4 21. Qxe4 Qxc4 22. Rbc1 Qxc1 0-1

[Event "Czech Fed-ch U12"]
[Site "Hrdonov"]
[Date "2013.10.31"]
[Round "7"]
[White "Srba, Stanislav"]
[Black "Randak, Richard"]
[Result "0-1"]
[WhiteElo "1609"]
[BlackElo "1515"]
[PlyCount "104"]
[EventDate "2013.10.26"]
[EventType "swiss"]
[EventRounds "9"]
[EventCountry "CZE"]
[SourceTitle "EXT 2016"]
[Source "ChessBase"]
[SourceDate "2015.10.08"]
[SourceVersion "1"]
[SourceVersionDate "2015.10.08"]
[SourceQuality "1"]

1. c4 Nf6 2. Nc3 b6 3. b3 Bb7 4. e3 e6 5. Nf3 Be7 6. Be2 0-0 7. Bb2 Bb4 8. Qc2 Bxc3 9. Qxc3 d6 10. d4 Ne4 11. Qc2 f5 12. 0-0 Nd7 13. Nd2 Qh4 14. f4 g5 15. Nf3 Qh6 16. fxg5 Nxg5 17. Nxg5 Qxg5 18. Bf3 Qxe3+ 19. Qf2 Qxf2+ 20. Rxf2 Bxf3 21. Rxf3 Rf7 22. Re1 Re8 23. Ref1 Ref8 24. Bc1 Rf6 25. Rh3 Kg7 26. Rf4 R8f7 27. Rfh4 Kg8 28. Bh6 Rg6 29. Re3 Rff6 30. Bf4 h6 31. Rhh3 Kg7 32. Rhf3 Rf8 33. Re2 Re8 34. Bd2 Kf7 35. h3 h5 36. Bc3 Kf6 37. Ref2 Ke7 38. Re3 Rf8 39. Rf4 Nf6 40. Be1 Ne4 41. Ref3 Ke8 42. Bh4 Rg7 43. Re3 Rgf7 44. Rf1 Kd7 45. g4 Ke8 46. g5 Rg7 47. Kh2 Rfg8 48. Rg1 Kd7 49. Kh1 e5 50. dxe5 dxe5 51. Be1 Rxg5 52. Rd3+ Ke6 0-1